| 000 | 00615nam a2200193 i 4500 | ||
|---|---|---|---|
| 001 | 92370 | ||
| 003 | ES-MaACL | ||
| 005 | 20260203063032.0 | ||
| 007 | t| | ||
| 008 | 050307q1916 fr ||||1| fre d | ||
| 100 | 1 |
_aArdant, Georges, _d1866-1946 _9157370 |
|
| 245 | 1 | 0 |
_aJean Limosin _b: sur le front Lorrain : notes d'un aumônier militaire / _cGeorges Ardant. |
| 250 | _a4ª ed. | ||
| 260 |
_aParis : _b[s.n., _c1916?] ( _fP.Trevon-Ovan) |
||
| 300 |
_a126 p. ; _c26 cm. |
||
| 650 | 0 | 4 |
_aGuerra mundial, 1914-1918- _vRelatos personales. _913227 |
| 852 |
_aES-MaACL _j1824-F-17 |
||
| 999 |
_c92370 _d92370 |
||